Reflections on the revolution of our time

Gespeichert in:
Bibliographische Detailangaben
1. Verfasser: Laski, Harold J.
Format: Buch
Sprache:Undetermined
Veröffentlicht: New York Viking Press 1943
Schlagworte:
Tags: Tag hinzufügen
Keine Tags, Fügen Sie den ersten Tag hinzu!
Thư viện lưu trữ: Trung tâm Học liệu Trường Đại học Cần Thơ
LEADER 00526nam a2200181Ia 4500
001 CTU_89557
008 210402s9999 xx 000 0 und d
082 |a 940.5 
082 |b L345 
100 |a Laski, Harold J. 
245 0 |a Reflections on the revolution of our time 
245 0 |c Harold J. Laski 
260 |a New York 
260 |b Viking Press 
260 |c 1943 
650 |a World politics,World war, 1939-1945,Reconstruction (1939-1951) 
904 |i Năm 
980 |a Trung tâm Học liệu Trường Đại học Cần Thơ